| 000 | 00754nam a22001217a 4500 | ||
|---|---|---|---|
| 040 | _cRUA | ||
| 082 | _aAED PIC 2010 B251 Or.1 | ||
| 100 | _aPICH PISEY ; ពេជ្រ ពិសី | ||
| 245 | _aThe study on economic effecency of taro production of households in tuol village, svayrict, kampong speu province, ការសិក្សាពីប្រសិទ្ធភាពសេដ្ឋកិច្ច នៃផលិតកម្មដំណាំត្រាវជាលក្ខណៈគ្រួសារ នៅភូមិទួល ឃុំស្វាយរំពារ ស្រុកបរសេដ្ឋ ខេត្តកំពង់ស្ពឺ | ||
| 260 |
_aPhnom Penh _bRUA _c2010 |
||
| 300 |
_axi ; 45p. _bill. _c29cm. |
||
| 942 | _cAED | ||
| 999 |
_c4908 _d4908 |
||